Statistiken für Big-Mac-Index

Klicken Sie hier um das Quiz zu spielen!

Allgemein

  • Dieses Quiz wurde 103 mal gespielt
  • Das Durchschnittsergebnis liegt bei 15 aus 40

Antwortstatistiken

PreisAntwort% Korrekt
5,15$USA
99%
3,56$China
83%
5,25$Kanada
83%
3,43$Mexiko
77%
6,71$Schweiz
74%
4,63$Australien
72%
4,25$Brasilien
68%
4,43$Neuseeland
63%
4,57$Argentinien
58%
3,66$Chile
54%
6,26$Norwegen
54%
5,59$Schweden
52%
3,5$Südkorea
52%
3,48$Kolumbien
48%
3,57$Peru
46%
4,24$Singapur
40%
3,5$Thailand
40%
3,59$Polen
38%
4,53$Saudi Arabien
38%
4,9$VAE
38%
6,08$Uruguay
37%
3,57$Katar
32%
2,95$Vietnam
29%
4,44$Großbritannien
28%
4,95$Israel
27%
3,62$Honduras
24%
3,69$Oman
24%
4,23$Kuwait
22%
3,91$Costa Rica
21%
3,36$Guatemala
15%
3,87$Nicaragua
15%
3,97$Tschechien
15%
3,68$Kroatien
14%
3,16$Pakistan
13%
3,24$Jordanien
9%
3,72$Sri Lanka
9%
5,08$Libanon
8%
4,24$Bahrein
5%
3,11$Moldawien
2%
4,77$Eurozone
0%

Verteilung der Resultate

Perzentil nach korrekt beantworteten Fragen

Anzahl Personen mit jedem Resultat

Ihre Resultats-Entwicklung

Sie haben dieses Quiz noch nicht gespielt